Estadística apliada a los negocios y la economía / (Record no. 104196)
[ view plain ]
| 000 -CABECERA | |
|---|---|
| campo de control de longitud fija | 01063nam a2200349 a 4500 |
| 001 - NÚMERO DE CONTROL | |
| campo de control | 000107734 |
| 003 - IDENTIFICADOR DEL NÚMERO DE CONTROL | |
| campo de control | CHAP |
| 005 - FECHA Y HORA DE LA ÚLTIMA TRANSACCIÓN | |
| campo de control | 20220329143941.0 |
| 008 - DATOS DE LONGITUD FIJA--INFORMACIÓN GENERAL | |
| campo de control de longitud fija | 131025s2012 mx ad |r| ||1|||spa d |
| 010 ## - NÚMERO DE CONTROL DE LA BIBLIOTECA DEL CONGRESO | |
| Número de control de LC | 104196 |
| 011 ## - ENLACE DEL NUMERO DE CONTROL DE LA BIBLIOTECA DEL CONGRESO [OBSOLETO] | |
| Número de control de LC | 105168 |
| 020 ## - NÚMERO INTERNACIONAL ESTÁNDAR DEL LIBRO | |
| Número Internacional Estándar del Libro | 9786071507426 |
| 040 ## - FUENTE DE LA CATALOGACIÓN | |
| Centro/agencia transcriptor | CHAP |
| 082 04 - NÚMERO DE LA CLASIFICACIÓN DECIMAL DEWEY | |
| Número de clasificación | 519.5 |
| Número de documento/Ítem | M3 2012 |
| 100 00 - ENTRADA PRINCIPAL--NOMBRE DE PERSONA | |
| Nombre de persona | Lind, Douglas A. |
| 9 (RLIN) | 66928 |
| 245 10 - MENCIÓN DE TÍTULO | |
| Título | Estadística apliada a los negocios y la economía / |
| Mención de responsabilidad, etc. | por Douglas A. Lind, William G. Marchal y Samuel A. Wathen. |
| 250 ## - MENCIÓN DE EDICIÓN | |
| Mención de edición | 15 ed. |
| 260 ## - PUBLICACIÓN, DISTRIBUCIÓN, ETC. | |
| Lugar de publicación, distribución, etc. | México : |
| Nombre del editor, distribuidor, etc. | McGraw-Hill, |
| Fecha de publicación, distribución, etc. | c2012. |
| 300 ## - DESCRIPCIÓN FÍSICA | |
| Extensión | vi, 855p. |
| 534 ## - NOTA SOBRE LA VERSIÓN ORIGINAL | |
| Frase introductoria | Tít. original : |
| Mención de título del original | Statistical Techniques in Business & Economics |
| 590 ## - NOTA LOCAL (RLIN) | |
| Nota local | E11695DGD |
| Procedencia (VM) [OBSOLETO] | 10 |
| Condición del los carretes individuales (VM) [OBSOLETO] | 20131028 |
| -- | UCH01 |
| -- | 1101 |
| 590 ## - NOTA LOCAL (RLIN) | |
| Nota local | E5652GLJ |
| Procedencia (VM) [OBSOLETO] | 05 |
| Condición del los carretes individuales (VM) [OBSOLETO] | 20131025 |
| -- | UCH01 |
| -- | 1445 |
| 650 14 - PUNTO DE ACCESO ADICIONAL DE MATERIA--TÉRMINO DE MATERIA | |
| Término de materia o nombre geográfico como elemento de entrada | Estadística. |
| 9 (RLIN) | 38241 |
| 650 14 - PUNTO DE ACCESO ADICIONAL DE MATERIA--TÉRMINO DE MATERIA | |
| Término de materia o nombre geográfico como elemento de entrada | Métodos estadísticos. |
| 9 (RLIN) | 76631 |
| 650 14 - PUNTO DE ACCESO ADICIONAL DE MATERIA--TÉRMINO DE MATERIA | |
| Término de materia o nombre geográfico como elemento de entrada | Probabilidad. |
| 9 (RLIN) | 91685 |
| 650 14 - PUNTO DE ACCESO ADICIONAL DE MATERIA--TÉRMINO DE MATERIA | |
| Término de materia o nombre geográfico como elemento de entrada | Probabilidades. |
| 9 (RLIN) | 91687 |
| 700 0# - PUNTO DE ACCESO ADICIONAL--NOMBRE DE PERSONA | |
| Nombre de persona | Marchal, William G. |
| 9 (RLIN) | 71267 |
| 700 1# - PUNTO DE ACCESO ADICIONAL--NOMBRE DE PERSONA | |
| Nombre de persona | Wathen, Samuel A. |
| 9 (RLIN) | 124466 |
| 901 ## - ELEMENTOS DE DATOS A LOCAL LDA (RLIN) | |
| a | BK |
| 942 ## - ELEMENTOS DE PUNTO DE ACCESO ADICIONAL (KOHA) | |
| Tipo de ítem Koha | Libro |
| 942 ## - ELEMENTOS DE PUNTO DE ACCESO ADICIONAL (KOHA) | |
| Suprimir en OPAC | 0 |
| Estado de retiro | Estado de pérdida | Fuente del sistema de clasificación o colocación | Estado dañado | Restricciones de uso | No para préstamo | Código de colección | Localización permanente | Ubicación/localización actual | Ubicación en estantería | Fecha de adquisición | Fuente de adquisición | Información codificada de la localización en otra ubicación | Total de préstamos | Signatura topográfica completa | Código de barras | Fecha visto por última vez | Fecha del último préstamo | Precio válido a partir de | Tipo de ítem Koha | Número de copia |
|---|---|---|---|---|---|---|---|---|---|---|---|---|---|---|---|---|---|---|---|---|
| Dewey Decimal Classification | Préstamo 15 días | General | Biblioteca Central | Biblioteca Central | Planta alta - Colección General | 25/10/2013 | I.c/e | LIBRO | 4 | 519.5 M3 2012 | 33724002336248 | 22/05/2024 | 09/05/2024 | 31/12/2019 | Libro | |||||
| Dewey Decimal Classification | Préstamo 15 días | General | Biblioteca Central | Biblioteca Central | Planta alta - Colección General | 25/10/2013 | I.c/e | LIBRO | 519.5 M3 2012 | 33724002336280 | 31/12/2019 | 31/12/2019 | Libro | c.2 |
